Famous buildings or sites #1 - Statistics

General Stats
  • This quiz has been taken 62 times
  • The average score is 9 of 15
Answer Stats
Picture Answer % Correct
Eiffel Tower
100%
Great wall of China
90%
Leaning Tower of Pisa
90%
Colosseum
88%
Empire State Building
88%
Taj Mahal
86%
Niagara Falls
82%
CN Tower
67%
Buckingham Palace
57%
Burj Khalifa
57%
Duomo of Milan
20%
Sears Tower
20%
Alps
14%
Banff
12%
St Peter's Basilica
10%
No matching quizzes found
Score Distribution
Percent of People with Each Score
Percentile by Number Answered
Your Score History
You have not taken this quiz